000 00742nam a22002297a 4500
999 _c171176
_d171176
005 20200108111156.0
010 _aENG-127294
020 _c450.00
_a9789353282196
035 _aEN-110826
037 _bDBAD/PUB.
082 _a364.134
100 _aZiya us salam
245 _aLynch files:
_cby Ziya us salam.
_bThe Forgotten Saga of Victims of Hate Crime /
260 _aNew Delhi
_bSage Publications India .
_c2019
270 _aB1/I-1, Mohan Cooperative Industrial Area Mathura Road Post Bag 7
_bNew Delhi
_e110044
300 _axxiii,193p.
_c22cm.(pbk)
500 _aIt includes index
700 _aAneesh Kumar P.
700 _aGeorge, Tony Sam
700 _aSudhesh N.T.
942 _2ddc
_cEN
_mZIY
_h364.134